| 000 | 00550nam a2200157Ia 4500 | ||
|---|---|---|---|
| 008 | 170221s9999 xx 000 0 und d | ||
| 100 | _aMohamad Yusrizal B Mohamed Yusoff | ||
| 245 | _aKM Practice in Malaysia Community College: KMS to Support KM Framework | ||
| 245 | _cMohamad Yusrizal B Mohamed Yusoff Ahmad Kamil B Mahmood Jafreezal B. Jaafar | ||
| 260 | _bOnline Journal of Communication and Media Technologies | ||
| 260 | _c2012 | ||
| 300 | _a2 : 4 | ||
| 650 | _xCommunication | ||
| 650 | _xMedia Arts | ||
| 856 | _uhttp://www.ojcmt.net/ | ||
| 999 |
_c307315 _d307315 |
||